Online
Catalog

Derecho de los religiosos : (Record no. 14734)

MARC details
000 -CABECERA
campo de control de longitud fija 01035cam a2200265 a 4500
001 - NÚMERO DE CONTROL
campo de control 000015163
005 - FECHA Y HORA DE LA ÚLTIMA TRANSACCIÓN
campo de control 20200929163954.0
008 - DATOS DE LONGITUD FIJA--INFORMACIÓN GENERAL
campo de control de longitud fija 850227s1968 sp 000 0 spa d
040 ## - FUENTE DE LA CATALOGACIÓN
Centro catalogador/agencia de origen DO-SdBNP
Lengua de catalogación spa
Centro/agencia transcriptor LC
Centro/agencia modificador BNPHU
082 ## - NÚMERO DE LA CLASIFICACIÓN DECIMAL DEWEY
Número de clasificación 262.9
Número de documento/Ítem T113d, 1968
049 ## - FONDOS LOCALES (OCLC)
Fondos de biblioteca BNGR
100 1# - ENTRADA PRINCIPAL--NOMBRE DE PERSONA
Nombre de persona Tabera Araoz, Arturo,
Fechas asociadas al nombre 1903-1975
9 (RLIN) 34327
245 10 - MENCIÓN DE TÍTULO
Título Derecho de los religiosos :
Resto del título manual teórico práctica /
Mención de responsabilidad, etc. Arturo Tabera Araoz, Gregorio Martínez de Antoñana y Gerardo Escudero ; prólogo de Arcadio María Larraona.
250 ## - MENCIÓN DE EDICIÓN
Mención de edición 6a ed.
260 ## - PUBLICACIÓN, DISTRIBUCIÓN, ETC.
Lugar de publicación, distribución, etc. Madrid :
Nombre del editor, distribuidor, etc. Coculsa,
Fecha de publicación, distribución, etc. 1968.
300 ## - DESCRIPCIÓN FÍSICA
Extensión 619 p. ;
Dimensiones 24 cm.
504 ## - NOTA DE BIBLIOGRAFÍA, ETC.
Nota de bibliografía, etc. Incluye referencias bibliográficas y notas al pie de las páginas.
650 #4 - PUNTO DE ACCESO ADICIONAL DE MATERIA--TÉRMINO DE MATERIA
Término de materia o nombre geográfico como elemento de entrada Derecho canónico
9 (RLIN) 34328
650 #4 - PUNTO DE ACCESO ADICIONAL DE MATERIA--TÉRMINO DE MATERIA
Término de materia o nombre geográfico como elemento de entrada Ordenes religiosas
9 (RLIN) 7137
650 #4 - PUNTO DE ACCESO ADICIONAL DE MATERIA--TÉRMINO DE MATERIA
Término de materia o nombre geográfico como elemento de entrada Ordenes religiosas (derecho canónico)
9 (RLIN) 34329
700 1# - PUNTO DE ACCESO ADICIONAL--NOMBRE DE PERSONA
Nombre de persona Martínez de Antoñana, Gregorio.
9 (RLIN) 34330
700 1# - PUNTO DE ACCESO ADICIONAL--NOMBRE DE PERSONA
Nombre de persona Escudero, Gerardo.
9 (RLIN) 34331
700 1# - PUNTO DE ACCESO ADICIONAL--NOMBRE DE PERSONA
Nombre de persona Larraona, Arcado María,
Término indicativo de función/relación pról.
9 (RLIN) 34332
910 ## - DATOS DE OPCIÓN DEL USUARIO (OCLC)
Datos de opción del usuario Catalogación derivada / LC
999 ## - NÚMEROS DE CONTROL DE SISTEMA (KOHA)
-- 0000101
Holdings
Estado de retiro Estado de pérdida Restricciones de uso No para préstamo Código de colección Localización permanente Ubicación/localización actual Ubicación en estantería Fecha de adquisición Número de inventario Total de préstamos Signatura topográfica completa Código de barras Fecha visto por última vez Precio válido a partir de Tipo de ítem Koha
    Préstamo interno   Monografías: Libros y Folletos General General En catalogación 01.02.2010 LF1   262.9 T113d, 1968 15163-10 25.06.2020 25.06.2020 Préstamo interno

Powered by Koha